Study of organisation and management in the Central Board of Secondary Education (Record no. 492444)

000 -LEADER
fixed length control field 00498cam a22001337a 4500
008 - FIXED-LENGTH DATA ELEMENTS--GENERAL INFORMATION
fixed length control field 180718b1983 xxu||||| |||| 00| 0 eng d
082 ## - DEWEY DECIMAL CLASSIFICATION NUMBER
Classification number P4x54 K141
100 ## - MAIN ENTRY--PERSONAL NAME
Personal name Kapur, Jagdish C.
245 ## - TITLE STATEMENT
Title Study of organisation and management in the Central Board of Secondary Education
Statement of responsibility, etc. by Jagdish C. Kapur and O.P. Minocha
260 ## - PUBLICATION, DISTRIBUTION, ETC.
Place of publication, distribution, etc. New Delhi
Name of publisher, distributor, etc. Indian Institute of Public Administration
Date of publication, distribution, etc. 1983
300 ## - PHYSICAL DESCRIPTION
Extent 78p.
650 ## - SUBJECT ADDED ENTRY--TOPICAL TERM
Topical term or geographic name entry element School management and organization - India - Delhi
700 ## - ADDED ENTRY--PERSONAL NAME
Personal name Minocha, O.P.
Holdings
Withdrawn status Lost status Damaged status Not for loan Permanent Location Current Location Date acquired Full call number Barcode Date last seen Price effective from Koha item type
        Indian Institute of Public Administration Indian Institute of Public Administration 2018-08-04 P4x54 K141 GR16318 2018-08-04 2018-08-04 GR

Powered by Koha